Spell the Marvel Hero #81 - Statistics

General Stats
  • This quiz has been taken 13 times
  • The average score is 8 of 10
Answer Stats
Picture Answer % Correct
Iron Fist
100%
Tigra
100%
Elektra
92%
Yelena Belova
92%
Hit-Monkey
75%
Maria Hill
75%
Outlaw
75%
Kid Kaiju
58%
Nighthawk
58%
Haechi
33%
No matching quizzes found
Score Distribution
Percent of People with Each Score
Percentile by Number Answered
Your Score History
You have not taken this quiz